Estlahaat-e-Hisaab dari-o-Muhasibi (Dictionary of accountancy & auditing) (Record no. 7260)

000 -LEADER
fixed length control field 00435 a2200145 4500
082 ## - DEWEY DECIMAL CLASSIFICATION NUMBER
Classification number 346.03
090 ## - LOCALLY ASSIGNED LC-TYPE CALL NUMBER (OCLC); LOCAL CALL NUMBER (RLIN)
-- 3347
-- 3347
100 ## - MAIN ENTRY--PERSONAL NAME
Personal name Masood Ahmad Chema
245 ## - TITLE STATEMENT
Title Estlahaat-e-Hisaab dari-o-Muhasibi (Dictionary of accountancy & auditing)
Statement of responsibility, etc. Masood Ahmad Chema
260 ## - PUBLICATION, DISTRIBUTION, ETC.
Place of publication, distribution, etc. Islamabad:
Name of publisher, distributor, etc. Muqtadara Qumi Zuban,
Date of publication, distribution, etc. 1985.
300 ## - PHYSICAL DESCRIPTION
Extent 66 p. ;
Dimensions 22 cm.
500 ## - GENERAL NOTE
General note Includes Index
650 ## - SUBJECT ADDED ENTRY--TOPICAL TERM
Topical term or geographic name entry element Audit--Dictionary.
942 ## - ADDED ENTRY ELEMENTS (KOHA)
Koha item type Book
Call number prefix 346.03 CHE
Holdings
Withdrawn status Lost status Damaged status Not for loan Collection code Permanent Location Current Location Shelving location Date acquired Source of acquisition Cost, normal purchase price Full call number Barcode Date last seen Price effective from Koha item type
          NUST Law School (NLS) NUST Law School (NLS) General Stacks 08/23/2002 National Language Authority 25.00 346.03 CHE SEECS002252 11/14/2012 01/05/2017 Book
© 2023 Central Library, National University of Sciences and Technology. All Rights Reserved.